UBT Library

Baryshnikov at work : (Record no. 40198)

000 -LEADER
fixed length control field 00648cam a22002171i 4500
001 - CONTROL NUMBER
control field 816999
005 - DATE AND TIME OF LATEST TRANSACTION
control field 20180112050933.0
008 - FIXED-LENGTH DATA ELEMENTS--GENERAL INFORMATION
fixed length control field 820525s1976 nyua 000 0beng
010 ## - LIBRARY OF CONGRESS CONTROL NUMBER
LC control number 76013685
020 ## - INTERNATIONAL STANDARD BOOK NUMBER
International Standard Book Number 0394403452 :
Terms of availability $22.50
040 ## - CATALOGING SOURCE
Original cataloging agency DLC
Transcribing agency DLC
Modifying agency DLC
041 ## - LANGUAGE CODE
Language code of text/sound track or separate title eng
043 ## - GEOGRAPHIC AREA CODE
Geographic area code e-ur-ru
080 ## - UNIVERSAL DECIMAL CLASSIFICATION NUMBER
Universal Decimal Classification number 792.80924 SWO
082 00 - DEWEY DECIMAL CLASSIFICATION NUMBER
Classification number 792.80924 SWO
-- B
Edition number 19
100 1# - Rafti
Rafti 44
101 ## - Shkurtesa
Shkurtesa ART
245 10 - TITLE STATEMENT
Title Baryshnikov at work :
Statement of responsibility, etc photographs by Martha Swope ; text edited and introduced by Charles Engell France.
906 ## - LOCAL DATA ELEMENT F, LDF (RLIN)
a 7
b cbc
c orignew
d u
e ocip
f 19
g y-gencatlg
942 ## - ADDED ENTRY ELEMENTS (KOHA)
Source of classification or shelving scheme
Item type Books
Holdings
Withdrawn status Lost status Source of classification or shelving scheme Damaged status Not for loan Collection code Permanent location Current location Shelving location Date acquired Total Checkouts Full call number Barcode Date last seen Price effective from Koha item type
          Koleksioni i përgjithshem UBT - Lipjan UBT - Lipjan Koleksioni i përgjithshem 01/12/2018   792.80924 SWO 002-2994916 01/12/2018 01/12/2018 Books
UBT Library © 2015-2024. All rights reserved University Education for Business and Technology